000 00343nam a22001337a 4500
999 _c13753
_d13753
020 _a9781492088783
082 _a005
100 _aCathy Tanimura
245 _aSQL for Data Analysis:
_bAdvanced Techniques for Transforming Data into Insights
250 _a1st ed.
260 _aUSA
_bO'Reilly Media
_c2021
300 _a357 pages
942 _cBK